[Event "POL-ch U20"]
[Site "Chotowa"]
[Date "2023.10.24"]
[Round "1"]
[White "Golecki, Jan"]
[Black "Kraczek, Cezary"]
[Result "0-1"]
[WhiteElo "2183"]
[BlackElo "1707"]
[PlyCount "116"]
[EventDate "2023.10.24"]
[EventType "swiss"]
[EventRounds "9"]
[EventCountry "POL"]
[SourceTitle "Mega2024 Update 01"]
[Source "Chessbase"]
[SourceDate "2023.11.12"]
[SourceVersion "1"]
[SourceVersionDate "2023.11.12"]
[SourceQuality "1"]

1. e4 Nf6 2. e5 Nd5 3. d4 d6 4. Nf3 dxe5 5. Nxe5 c6 6. Be2 Nd7 7. Nf3 N7f6 8. 0-0 Bf5 9. Nh4 Bg6 10. c4 Nb6 11. Nc3 e6 12. g3 Be7 13. Nxg6 hxg6 14. Be3 Qd7 15. a4 e5 16. h4 exd4 17. Qxd4 Qxd4 18. Bxd4 Nbd7 19. Bf3 0-0 20. a5 Nc5 21. Bxc5 Bxc5 22. a6 Rab8 23. axb7 Rxb7 24. Bxc6 Rc7 25. Bd5 Rb8 26. Ra2 Bd4 27. Nb5 Nxd5 28. Nxc7 Nxc7 29. Rb1 Rb3 30. Ra3 Rb4 31. b3 Kf8 32. Kg2 Ne6 33. f4 Ke7 34. Kf3 Bc5 35. g4 f5 36. Ra5 Bb6 37. Re5 Bc7 38. Re3 Kf7 39. Rd1 Ke7 40. Rde1 Rb6 41. c5 Rc6 42. b4 a6 43. Rd3 fxg4+ 44. Kxg4 Kf6 45. Rd5 Nxf4 46. Rf1 Ke6 47. Rg5 Nh5 48. Rxg6+ Nf6+ 49. Kg5 Kf7 50. h5 a5 51. h6 gxh6+ 52. Rxh6 Bd8 53. bxa5 Rxc5+ 54. Rf5 Rc4 55. Rh4 Rc1 56. Ra4 Rh1 57. Rxf6+ Bxf6+ 58. Kf5 Rh5+ 0-1

[Event "POL-ch U20"]
[Site "Karpacz"]
[Date "2022.11.24"]
[Round "7"]
[White "Kraczek, Cezary"]
[Black "Malik, Maciej"]
[Result "1/2-1/2"]
[WhiteElo "1743"]
[BlackElo "2013"]
[PlyCount "78"]
[EventDate "2022.11.19"]
[EventType "swiss"]
[EventRounds "9"]
[EventCountry "POL"]
[SourceTitle "EXT 2024"]
[Source "ChessBase"]
[SourceDate "2023.10.10"]
[SourceVersion "1"]
[SourceVersionDate "2023.10.10"]
[SourceQuality "1"]

1. e4 c5 2. Nf3 Nc6 3. d4 cxd4 4. Nxd4 e6 5. Nc3 Qc7 6. Be2 a6 7. 0-0 Nf6 8. a3 Bd6 9. g3 Nxd4 10. Qxd4 b5 11. Bf3 Bb7 12. Bg2 Rc8 13. Qd3 Be5 14. Bd2 Qc4 15. Rfe1 h5 16. h3 d6 17. Rad1 Qxd3 18. cxd3 Nd7 19. Bf1 Bd4 20. Be3 Bxc3 21. bxc3 Rxc3 22. Rc1 Rc6 23. Rxc6 Bxc6 24. Rc1 Nb8 25. d4 Kd7 26. Bg2 Ba8 27. d5 Rc8 28. Rd1 Ke7 29. dxe6 fxe6 30. Bg5+ Kd7 31. Bf4 Rc6 32. Bf3 h4 33. gxh4 Ke7 34. Bg4 Nd7 35. Bg5+ Kf7 36. Bf4 Ke7 37. Bg5+ Kf7 38. Bf4 Ke7 39. Bg5+ Kf7 1/2-1/2

[Event "POL-ch U20"]
[Site "Karpacz"]
[Date "2022.11.20"]
[Round "2"]
[White "Marciniak, Leonard"]
[Black "Kraczek, Cezary"]
[Result "1/2-1/2"]
[WhiteElo "1849"]
[BlackElo "1743"]
[PlyCount "156"]
[EventDate "2022.11.19"]
[EventType "swiss"]
[EventRounds "9"]
[EventCountry "POL"]
[SourceTitle "EXT 2024"]
[Source "ChessBase"]
[SourceDate "2023.10.10"]
[SourceVersion "1"]
[SourceVersionDate "2023.10.10"]
[SourceQuality "1"]

1. d4 Nf6 2. c4 c5 3. d5 e6 4. Nc3 exd5 5. cxd5 d6 6. e4 g6 7. h3 a6 8. a4 Bg7 9. Nf3 0-0 10. Bd3 Re8 11. 0-0 Nbd7 12. Bf4 Qe7 13. Re1 Nh5 14. Bh2 Ne5 15. Be2 Nf6 16. Bxe5 dxe5 17. Nd2 Qd8 18. Nc4 b6 19. Qb1 Bf8 20. Rd1 Bd6 21. Ra3 Rb8 22. Rd2 Rf8 23. Rb3 Ne8 24. Qf1 Kh8 25. Nxd6 Nxd6 26. f4 Qe7 27. Qf2 f5 28. fxe5 Qxe5 29. a5 b5 30. Qxc5 fxe4 31. Qd4 Qxd4+ 32. Rxd4 Bb7 33. Rbb4 Rbe8 34. Bg4 Re5 35. Nxe4 Nxe4 36. Rxe4 Rxe4 37. Rxe4 Bxd5 38. Rd4 Bc4 39. Bf3 Rf6 40. Rd7 Re6 41. Kf2 h6 42. Rb7 Kg8 43. Kg3 g5 44. Rb6 Kf7 45. Bb7 Re3+ 46. Kh2 h5 47. Bf3 Re6 48. Bxh5+ Ke7 49. Bf3 Rxb6 50. axb6 Kd6 51. b4 Bd3 52. Kg3 a5 53. bxa5 b4 54. Bd1 Be4 55. Ba4 Bc6 56. Bc2 Kc5 57. Bd3 b3 58. Kf2 b2 59. g3 Bb7 60. h4 gxh4 61. gxh4 Kd4 62. Bb1 Be4 63. a6 Bxb1 64. b7 Be4 65. b8Q b1Q 66. Qd6+ Bd5 67. Qf6+ Kc5 68. Qe7+ Kc4 69. Qe2+ Kc5 70. h5 Qf5+ 71. Ke1 Qb1+ 72. Kf2 Qf5+ 73. Kg3 Qg5+ 74. Qg4 Qe3+ 75. Kh4 Qe7+ 76. Kg3 Qe3+ 77. Kh4 Qe7+ 78. Kg3 Qe3+ 1/2-1/2

[Event "Polanica Zdroj op-D 58th"]
[Site "Polanica Zdroj"]
[Date "2022.08.14"]
[Round "2"]
[White "Kraczek, Cezary"]
[Black "Jankowski, Franciszek"]
[Result "1/2-1/2"]
[WhiteElo "1657"]
[BlackElo "1483"]
[PlyCount "123"]
[EventDate "2022.08.13"]
[EventType "swiss"]
[EventRounds "9"]
[EventCountry "POL"]
[SourceTitle "CBM 210 Extra"]
[Source "ChessBase"]
[SourceDate "2022.11.30"]
[SourceVersion "1"]
[SourceVersionDate "2022.11.30"]
[SourceQuality "1"]

1. e4 c5 2. Nf3 e6 3. d4 cxd4 4. Nxd4 Nf6 5. Nc3 Nc6 6. Ndb5 Bb4 7. Nd6+ Ke7 8. Nxc8+ Rxc8 9. Bd3 Re8 10. 0-0 Kf8 11. Bf4 Kg8 12. e5 Bxc3 13. bxc3 Nd5 14. Bg3 Nxc3 15. Bxh7+ Kxh7 16. Qd3+ Kg8 17. Qxc3 Ne7 18. Qb3 Qc7 19. Rfd1 Nd5 20. Rac1 Nc3 21. Rd2 Qc4 22. Kh1 Qxb3 23. axb3 Rc7 24. f3 Rec8 25. Ra1 a6 26. h3 Kf8 27. Kh2 Ke8 28. Bf2 Rc6 29. Bd4 Ke7 30. Re1 Nb5 31. c4 Nxd4 32. Rxd4 Rb6 33. Re3 Rb4 34. Red3 Rc7 35. Rg4 g6 36. Rgd4 b5 37. Rd6 bxc4 38. bxc4 Rbxc4 39. Rxa6 R4c6 40. Ra4 d6 41. exd6+ Rxd6 42. Rxd6 Kxd6 43. Ra8 Ke5 44. Kg3 Rc4 45. Rf8 Kf6 46. h4 Ra4 47. Rb8 Rc4 48. Rb5 e5 49. Rb7 Ra4 50. Rb6+ Kf5 51. Rb7 Kf6 52. Rc7 Rb4 53. Kh3 Rb3 54. Kg4 Rb4+ 55. Kg3 Ra4 56. Rc8 Rb4 57. Rh8 Kg7 58. Re8 Kf6 59. Ra8 Rc4 60. Ra6+ Kf5 61. Ra7 Kf6 62. Ra5 1/2-1/2

[Event "Polanica Zdroj op-D 58th"]
[Site "Polanica Zdroj"]
[Date "2022.08.13"]
[Round "1"]
[White "Boryna, Szymon"]
[Black "Kraczek, Cezary"]
[Result "0-1"]
[WhiteElo "1434"]
[BlackElo "1657"]
[PlyCount "66"]
[EventDate "2022.08.13"]
[EventType "swiss"]
[EventRounds "9"]
[EventCountry "POL"]
[SourceTitle "CBM 210 Extra"]
[Source "ChessBase"]
[SourceDate "2022.11.30"]
[SourceVersion "1"]
[SourceVersionDate "2022.11.30"]
[SourceQuality "1"]

1. c4 e5 2. Nc3 Nf6 3. Nf3 Nc6 4. e3 d5 5. cxd5 Nxd5 6. Bb5 Nxc3 7. bxc3 Bd6 8. d4 e4 9. Nd2 Qg5 10. Bxc6+ bxc6 11. Qa4 Bd7 12. Qc2 f5 13. g3 0-0 14. Nc4 Kh8 15. Nxd6 cxd6 16. Ba3 Qf6 17. Rb1 Rab8 18. 0-0 Rxb1 19. Rxb1 f4 20. exf4 Bg4 21. Rb7 Bf3 22. Qc1 Qe6 23. Qe1 h6 24. Bc1 Qxa2 25. Rc7 Rb8 26. f5 Rb1 27. f6 g5 28. Qf1 Kg8 29. h3 e3 30. f7+ Kf8 31. Rc8+ Kxf7 32. Rc7+ Ke8 33. Qe1 Rxc1 0-1

[Event "POL-ch U12"]
[Site "Uniejow"]
[Date "2021.07.24"]
[Round "8"]
[White "Przybylski, Jan"]
[Black "Kraczek, Cezary"]
[Result "1-0"]
[WhiteElo "1578"]
[BlackElo "1424"]
[PlyCount "167"]
[EventDate "2021.07.18"]
[EventType "swiss"]
[EventRounds "9"]
[EventCountry "POL"]
[SourceTitle "EXT 2022"]
[Source "ChessBase"]
[SourceDate "2021.10.06"]
[SourceVersion "1"]
[SourceVersionDate "2021.10.06"]
[SourceQuality "1"]

1. e4 e5 2. Nf3 Nc6 3. d4 exd4 4. Bc4 Be7 5. 0-0 d6 6. Nxd4 Nf6 7. Nc3 0-0 8. Bf4 Bd7 9. Re1 Re8 10. Bb3 Qc8 11. h3 Ne5 12. Nf3 Nxf3+ 13. Qxf3 Be6 14. Rad1 Bxb3 15. axb3 Nd7 16. Nd5 Bf8 17. Qc3 c6 18. Nb4 Ne5 19. Bg3 a5 20. Nd3 Nxd3 21. Qxd3 Rd8 22. Qf3 Qe6 23. Bh4 Rd7 24. Qg4 Re8 25. f3 Qxg4 26. hxg4 f6 27. Rd3 Kf7 28. Ra1 b6 29. Bf2 Rb7 30. Rc3 Rc8 31. Rd1 Ke6 32. Kf1 g6 33. Be3 Be7 34. Kf2 Bf8 35. f4 f5 36. exf5+ gxf5 37. gxf5+ Kxf5 38. Kf3 c5 39. g4+ Ke6 40. Rcd3 Rf7 41. c4 Rd8 42. Rd5 Be7 43. f5+ Kd7 44. g5 Rg8 45. f6 h6 46. Ke4 hxg5 47. fxe7 Rxe7+ 48. Kd3 g4 49. Rg1 Rg6 50. Bg5 Rh7 51. Rxg4 Rh3+ 52. Kc2 Rh2+ 53. Rd2 Rh5 54. Rdg2 Kc6 55. R4g3 b5 56. Bf4 Rxg3 57. Rxg3 Rh2+ 58. Bd2 bxc4 59. bxc4 Rh4 60. Kc3 a4 61. Rg8 Rh3+ 62. Kc2 Rh4 63. Kd3 Rd4+ 64. Kc3 d5 65. Rc8+ Kb6 66. cxd5 Rxd5 67. Be3 Rh5 68. Rxc5 Rxc5+ 69. Kb4 a3 70. Bxc5+ Kc6 71. b3 Kd5 72. Bf8 a2 73. Bg7 Kc6 74. Ba1 Kb6 75. Kc4 Kc6 76. b4 Kb7 77. b5 Kb6 78. Kb4 Kb7 79. Kc5 Kc7 80. b6+ Kb7 81. Kb5 Ka8 82. Kc6 Kb8 83. Be5+ Ka8 84. b7+ 1-0

[Event "POL-ch U12"]
[Site "Uniejow"]
[Date "2021.07.23"]
[Round "7"]
[White "Oglaza, Dawid"]
[Black "Kraczek, Cezary"]
[Result "1/2-1/2"]
[WhiteElo "1396"]
[BlackElo "1424"]
[PlyCount "69"]
[EventDate "2021.07.18"]
[EventType "swiss"]
[EventRounds "9"]
[EventCountry "POL"]
[SourceTitle "EXT 2022"]
[Source "ChessBase"]
[SourceDate "2021.10.06"]
[SourceVersion "1"]
[SourceVersionDate "2021.10.06"]
[SourceQuality "1"]

1. e4 Nf6 2. Nc3 d5 3. exd5 Nxd5 4. Bc4 Nb6 5. Bb3 Nc6 6. Nf3 Bf5 7. d4 e6 8. h3 Be7 9. 0-0 0-0 10. Re1 Bf6 11. Be3 Nb4 12. a3 N4d5 13. Nxd5 exd5 14. Bf4 Be4 15. c3 Qd7 16. Re3 Rfe8 17. Ne5 Qf5 18. Bh2 Bg5 19. Re2 Bf4 20. f3 Bxe5 21. Bxe5 Bd3 22. Rd2 Bb5 23. Bxc7 Nc4 24. Bxc4 Bxc4 25. Qc2 Qg5 26. Rf2 Re3 27. b3 Bd3 28. Qd2 Rae8 29. g3 Qg6 30. Be5 R8xe5 31. dxe5 Qxg3+ 32. Rg2 Qxf3 33. Re1 Rxe1+ 34. Qxe1 Be4 35. Rh2 1/2-1/2

[Event "POL-ch U12"]
[Site "Uniejow"]
[Date "2021.07.22"]
[Round "6"]
[White "Kraczek, Cezary"]
[Black "Suska, Szymon"]
[Result "1/2-1/2"]
[WhiteElo "1424"]
[BlackElo "1513"]
[PlyCount "61"]
[EventDate "2021.07.18"]
[EventType "swiss"]
[EventRounds "9"]
[EventCountry "POL"]
[SourceTitle "EXT 2022"]
[Source "ChessBase"]
[SourceDate "2021.10.06"]
[SourceVersion "1"]
[SourceVersionDate "2021.10.06"]
[SourceQuality "1"]

1. e4 c5 2. Nf3 e6 3. d3 Nc6 4. g3 Nf6 5. Bg2 d6 6. 0-0 Be7 7. Re1 a6 8. c3 Bd7 9. Nbd2 Rb8 10. Nf1 b5 11. d4 cxd4 12. cxd4 d5 13. e5 Ne4 14. N1d2 Nxd2 15. Bxd2 0-0 16. Qe2 Na5 17. b3 b4 18. h4 Bb5 19. Qe3 Rc8 20. Rac1 Nc6 21. h5 h6 22. g4 Bg5 23. Nxg5 Qxg5 24. Qxg5 hxg5 25. Be3 f6 26. exf6 gxf6 27. Rc5 Kf7 28. Rec1 Ne7 29. Bd2 Rxc5 30. Rxc5 Nc6 31. Be3 1/2-1/2